[Event "HUN-chT2 Erkel 1213"]
[Site "Hungary"]
[Date "2012.09.16"]
[Round "1.7"]
[White "Goczo, Melinda"]
[Black "Gulyas, Attila"]
[Result "1/2-1/2"]
[WhiteElo "2234"]
[BlackElo "2040"]
[PlyCount "72"]
[EventDate "2012.09.16"]
[EventType "team-tourn"]
[EventRounds "11"]
[EventCountry "HUN"]
[SourceTitle "EXT 2014"]
[Source "ChessBase"]
[SourceDate "2013.11.20"]
[SourceVersion "1"]
[SourceVersionDate "2013.11.20"]
[SourceQuality "1"]
[WhiteTeam "Paszto"]
[BlackTeam "Nagykata"]
[WhiteTeamCountry "HUN"]
[BlackTeamCountry "HUN"]

1. d4 Nf6 2. Nf3 d5 3. c4 e6 4. g3 Be7 5. Bg2 0-0 6. 0-0 b6 7. cxd5 exd5 8. Nc3 Bb7 9. Ne5 Nbd7 10. Qa4 Nb8 11. Rd1 a6 12. b4 Ne4 13. Qb3 Nxc3 14. Qxc3 f6 15. Nd3 c6 16. a4 Re8 17. Qb3 Kh8 18. h4 Bd6 19. Bf3 Nd7 20. Bf4 Nf8 21. b5 Ne6 22. Bxd6 Qxd6 23. bxc6 Nxd4 24. Qxb6 Nxf3+ 25. exf3 Qxc6 26. Qxc6 Bxc6 27. Nb4 Bb7 28. Nxd5 Rad8 29. Nc7 Rxd1+ 30. Rxd1 Bxf3 31. Rb1 Rc8 32. Nxa6 Kg8 33. Rb8 Rxb8 34. Nxb8 Kf7 35. Kf1 Ke7 36. Na6 Bc6 1/2-1/2

[Event "Budapest FS07 FM-A"]
[Site "Budapest"]
[Date "2011.07.08"]
[Round "7.3"]
[White "Gulyas, Attila"]
[Black "Letay, Gyula"]
[Result "0-1"]
[WhiteElo "2038"]
[BlackElo "2020"]
[PlyCount "64"]
[EventDate "2011.07.02"]
[EventType "tourn"]
[EventRounds "11"]
[EventCountry "HUN"]
[SourceTitle "CBM 143 Extra"]
[Source "ChessBase"]
[SourceDate "2011.08.29"]
[SourceVersion "1"]
[SourceVersionDate "2011.08.29"]
[SourceQuality "1"]

1. e4 c5 2. Nf3 d6 3. d4 cxd4 4. Nxd4 Nf6 5. Nc3 a6 6. Bg5 Nbd7 7. f4 Qc7 8. Qf3 e6 9. 0-0-0 Be7 10. g4 b5 11. Bxf6 gxf6 12. f5 Ne5 13. Qg3 Bd7 14. Bg2 Rg8 15. h3 h5 16. Bf3 b4 17. Nce2 hxg4 18. hxg4 Nxf3 19. fxe6 fxe6 20. Qxf3 Rc8 21. Qb3 Qc4 22. Qxc4 Rxc4 23. Rdg1 Rc5 24. Kd2 Rcg5 25. Rh5 Rxg4 26. Rxg4 Rxg4 27. Ra5 Rxe4 28. Rxa6 e5 29. Ra8+ Bd8 30. Kd3 Rg4 31. Nb3 Bb5+ 32. Ke3 f5 0-1

[Event "Budapest FS07 FM-A"]
[Site "Budapest"]
[Date "2011.07.06"]
[Round "5.4"]
[White "Gulyas, Attila"]
[Black "Winkler, Stefan2"]
[Result "0-1"]
[WhiteElo "2038"]
[BlackElo "1864"]
[PlyCount "90"]
[EventDate "2011.07.02"]
[EventType "tourn"]
[EventRounds "11"]
[EventCountry "HUN"]
[SourceTitle "CBM 143 Extra"]
[Source "ChessBase"]
[SourceDate "2011.08.29"]
[SourceVersion "1"]
[SourceVersionDate "2011.08.29"]
[SourceQuality "1"]

1. e4 e6 2. d4 d5 3. Nc3 Nf6 4. e5 Nfd7 5. f4 c5 6. dxc5 Bxc5 7. Qg4 0-0 8. Bd3 f5 9. Qh3 Bxg1 10. Rxg1 Nc5 11. Bd2 Nxd3+ 12. Qxd3 Nc6 13. 0-0-0 a6 14. g4 Qh4 15. h3 Ne7 16. Qf3 Ng6 17. g5 Bd7 18. Ne2 Bb5 19. Nd4 Nxe5 20. Qe3 Nf7 21. Qxe6 Rae8 22. Qxf5 Ne5 23. g6 Rxf5 24. Nxf5 Nd3+ 25. cxd3 Rc8+ 26. Bc3 Rxc3+ 27. Kb1 Rc1+ 28. Rxc1 Bxd3+ 29. Ka1 Bxf5 30. gxh7+ Qxh7 31. Rc7 Qh6 32. Rxb7 d4 33. Rg5 Bxh3 34. Rb8+ Kh7 35. Re8 d3 36. Kb1 d2 37. Rd8 Bf5+ 38. Rxf5 Qh1+ 39. Kc2 Qc1+ 40. Kb3 d1Q+ 41. Rxd1 Qxd1+ 42. Kc3 Kg6 43. Rc5 Qc1+ 44. Kd4 Qxb2+ 45. Ke4 Qe2+ 0-1

[Event "Budapest FS06 FM-A"]
[Site "Budapest"]
[Date "2011.06.09"]
[Round "6"]
[White "Hocevar, Nikola"]
[Black "Gulyas, Attila"]
[Result "1-0"]
[WhiteElo "2034"]
[BlackElo "2026"]
[PlyCount "66"]
[EventDate "2011.06.04"]
[EventType "tourn"]
[EventRounds "11"]
[EventCountry "HUN"]
[SourceTitle "CBM 142 Extra"]
[Source "ChessBase"]
[SourceDate "2011.06.27"]
[SourceVersion "1"]
[SourceVersionDate "2011.06.27"]
[SourceQuality "1"]

1. c4 c6 2. d4 d5 3. Nf3 e6 4. Nc3 f5 5. Bf4 Nf6 6. e3 Be7 7. h3 0-0 8. Bd3 Ne4 9. Bxe4 fxe4 10. Ne5 Nd7 11. 0-0 Nxe5 12. Bxe5 Qb6 13. Qc2 Bd7 14. c5 Qd8 15. f3 exf3 16. Rxf3 Rxf3 17. gxf3 b6 18. b4 Bf6 19. Qh2 Qe8 20. Kf2 Qf7 21. Bxf6 Qxf6 22. Qe5 Qh4+ 23. Qg3 Qf6 24. Qf4 Rf8 25. Qxf6 gxf6 26. h4 e5 27. a4 Rb8 28. Rb1 Bf5 29. Rb2 bxc5 30. dxc5 Bd3 31. b5 cxb5 32. Nxb5 Kf8 33. c6 Bc4 1-0

[Event "Budapest FS06 FM-A"]
[Site "Budapest"]
[Date "2011.06.06"]
[Round "3"]
[White "Gulyas, Attila"]
[Black "Xu, Fei"]
[Result "0-1"]
[WhiteElo "2026"]
[BlackElo "1951"]
[PlyCount "134"]
[EventDate "2011.06.04"]
[EventType "tourn"]
[EventRounds "11"]
[EventCountry "HUN"]
[SourceTitle "CBM 142 Extra"]
[Source "ChessBase"]
[SourceDate "2011.06.27"]
[SourceVersion "1"]
[SourceVersionDate "2011.06.27"]
[SourceQuality "1"]

1. e4 c5 2. d4 cxd4 3. c3 dxc3 4. Nxc3 Nc6 5. Nf3 e6 6. Bc4 a6 7. Qe2 b5 8. Bb3 Bb7 9. 0-0 Nge7 10. Bg5 h6 11. Bh4 d6 12. Rfd1 Qc7 13. Rac1 Ng6 14. Bg3 Rd8 15. a4 b4 16. Nb1 Be7 17. Nbd2 0-0 18. Nc4 Qb8 19. Rd2 Nge5 20. Nd4 Nxd4 21. Rxd4 Nxc4 22. Bxc4 a5 23. Rcd1 Qc7 24. b3 Qc6 25. Bb5 Qb6 26. Kh1 e5 27. R4d2 Rc8 28. Bc4 Qc6 29. f3 Rfd8 30. Bf2 Qc7 31. Be3 Bc6 32. Qf2 Rb8 33. Rc2 Qb7 34. Qg3 h5 35. Bh6 Bf6 36. Be3 d5 37. exd5 Bxd5 38. Bxd5 Rxd5 39. Re1 Rbd8 40. Bg5 Bxg5 41. Qxg5 e4 42. Qf4 Rd1 43. Rc1 Rxe1+ 44. Rxe1 exf3 45. gxf3 Qd5 46. Re3 Qd1+ 47. Kg2 Rd2+ 48. Kh3 Qf1+ 49. Kh4 Qf2+ 50. Kxh5 Qxh2+ 51. Qxh2 Rxh2+ 52. Kg4 f6 53. Re8+ Kf7 54. Ra8 Rg2+ 55. Kf4 Rg5 56. Rb8 Rc5 57. Rb7+ Kg6 58. Rb5 Rc3 59. Rxa5 Rxb3 60. Rb5 Rb1 61. a5 Kh6 62. a6 b3 63. Ra5 b2 64. a7 g5+ 65. Kf5 Re1 66. a8Q b1Q+ 67. Kg4 Rg1+ 0-1

[Event "Torokbalint op"]
[Site "Torokbalint"]
[Date "2004.08.13"]
[Round "1"]
[White "Gonda, Laszlo"]
[Black "Gulyas, Attila"]
[Result "1-0"]
[WhiteElo "2389"]
[BlackElo "1984"]
[PlyCount "47"]
[EventDate "2004.08.13"]
[EventType "swiss"]
[EventRounds "7"]
[EventCountry "HUN"]
[SourceTitle "EXT 2008"]
[Source "ChessBase"]
[SourceDate "2007.11.25"]
[SourceVersion "1"]
[SourceVersionDate "2007.11.25"]
[SourceQuality "1"]

1. Nf3 Nf6 2. d4 g6 3. c4 Bg7 4. Nc3 0-0 5. e4 d6 6. Be2 Nbd7 7. 0-0 c6 8. Rb1 e5 9. d5 Nc5 10. Bg5 a5 11. Nd2 h6 12. Be3 Na6 13. a3 Nh7 14. b4 f5 15. f3 f4 16. Bf2 axb4 17. axb4 Nb8 18. c5 Ra3 19. Qc1 Rxc3 20. Qxc3 cxd5 21. Qb3 Nf6 22. exd5 Bf5 23. Rbc1 Nh5 24. c6 1-0

[Event "HUN-chT2 0102"]
[Site "Hungary"]
[Date "2001.09.30"]
[Round "1"]
[White "Nagy, Lajos"]
[Black "Gulyas, Attila"]
[Result "1-0"]
[WhiteElo "1994"]
[BlackElo "1924"]
[PlyCount "37"]
[EventDate "2001.??.??"]
[EventType "team-tourn"]
[EventRounds "11"]
[EventCountry "HUN"]
[SourceTitle "EXT 2004"]
[Source "ChessBase"]
[SourceDate "2003.11.25"]
[SourceVersion "1"]
[SourceVersionDate "2003.11.25"]
[SourceQuality "1"]

1. e4 e6 2. d4 b6 3. Nf3 Bb7 4. Bd3 d5 5. e5 c5 6. c3 Nc6 7. dxc5 bxc5 8. 0-0 Nge7 9. Bf4 Ng6 10. Bg3 Be7 11. Na3 a6 12. Nc2 0-0 13. Ne3 Bg5 14. Nxg5 Qxg5 15. f4 Qe7 16. Qh5 Qd8 17. f5 Ngxe5 18. f6 Nxd3 19. Qg5 1-0